|
|
|
|
| LEADER |
01136nam a22003253a 4500 |
| 001 |
5557 |
| 003 |
BD-DhAAL |
| 005 |
20150318094242.0 |
| 008 |
150318s1993 nyua b 001 0 eng |
| 010 |
|
|
|a 92034983
|
| 020 |
|
|
|a 0471536733
|
| 020 |
|
|
|a 9780471536734
|
| 040 |
|
|
|a DLC
|c DLC
|d BD-DhAAL
|
| 050 |
0 |
0 |
|a QD96.M3
|b L37 1993
|
| 082 |
0 |
0 |
|a 543/.0873
|2 20
|
| 245 |
0 |
0 |
|a Laser ionization mass analysis /
|c edited by Akos Vertes, Renaat Gijbels, Fred Adams.
|
| 260 |
|
|
|a New York :
|b Wiley,
|c c1993.
|
| 300 |
|
|
|a xxi, 560 p. :
|b ill. ;
|c 24 cm.
|
| 490 |
|
|
|a Chemical analysis ;
|v v. 124
|
| 504 |
|
|
|a Includes bibliographical references and index.
|
| 530 |
|
|
|a Also issued online.
|
| 541 |
|
|
|e 5557
|
| 650 |
|
0 |
|a Mass spectrometry.
|9 9800
|
| 650 |
|
0 |
|a Laser spectroscopy.
|9 9801
|
| 700 |
1 |
|
|a Vertes, Akos,
|d 1952-
|9 9802
|
| 700 |
1 |
|
|a Gijbels, R.
|q (Renaat)
|9 9803
|
| 700 |
1 |
|
|a Adams, F.
|q (Freddy),
|d 1938-
|9 9804
|
| 942 |
|
|
|2 ddc
|c BK
|
| 999 |
|
|
|c 34083
|d 34083
|
| 952 |
|
|
|0 0
|1 0
|2 ddc
|4 0
|6 543_087300000000000_LAS
|7 0
|9 53178
|a SCL
|b SCL
|c GEN
|d 2015-03-18
|e Gift: The Asia Foundation
|l 0
|o 543.0873 LAS
|p 3020005557
|r 2015-03-18
|t 1
|w 2015-03-18
|y BK
|